000 01579cam a2200421 a 4500
001 4464078
003 ARRUPE
005 20141003124925.0
008 880314s1988 sz b 100 0 eng d
020 _a2825409065 (pbk.)
035 _a(OCoLC)505782832
035 _a(OCoLC)ocn505782832
035 _a(NNC)4464078
040 _aNNUT
_cNNUT
041 1 _aeng
_hgermul
090 _aBX6.W775
_bE3613 1987
245 0 0 _aOne God, one Lord, one Spirit :
_bon the explication of the apostolic faith today /
_cedited by Hans-Georg Link.
260 _aGeneva :
_bWCC Publications,
_cc1988.
300 _a137, [2] p. ;
_c24 cm.
490 1 _aFaith and order paper ;
_vno. 139
490 1 _aOikoumene
500 _aSome sections translated from German.
500 _aIncludes reports of various Faith and Order Consultations.
500 _aTitle of German ed.: Ein Gott--ein Herr--ein Geist: zur Auslegung des apostolischen Glaubens heute.
504 _a"Faith and Order publications on 'Apostolic faith today'": p. [139]
504 _aIncludes bibliographical references.
650 0 _aChristian union.
_912032
650 0 _aApologetics
_xHistory
_y20th century.
_912033
650 0 _aTheology
_xHistory
_y20th century.
_96763
650 0 _aCreeds.
_912034
650 0 _aEcumenical movement.
_912035
700 1 _aLink, Hans-Georg,
_d1939-
_912036
710 2 _aWorld Council of Churches.
_bCommission on Faith and Order.
_911775
830 0 _aFaith and order paper ;
_vno. 139.
_912037
830 0 _aOikoumene.
_912038
942 _2lcc
_cMONOGRAPH
999 _c121071
_d121071